A ordem econômica na constituição de 1988 (Record no. 62181)

MARC details
000 -LÍDER
campo de controle de tamanho fixo 00388 a2200157 4500
001 - NÚMERO DE CONTROLE
campo de controle 62181
020 ## - ISBN - INTERNATIONAL STANDARD BOOK NUMBER
ISBN - International Standard Book Number 8574204846
040 ## - FONTE DA CATALOGAÇÃO
Instituição que transcreveu o registro Anchieta - Pituba
100 ## - ENTRADA PRINCIPAL--NOME PESSOAL
Nome pessoal Grau, Eros Roberto
240 10 - TÍTULO UNIFORME
Título uniforme A ordem econômica na constituição de 1988
Idioma da obra por
245 10 - TÍTULO
Título A ordem econômica na constituição de 1988
300 ## - DESCRIÇÃO FÍSICA
Extensão 327
362 0# - DATAS DE PUBLICAÇÃO E/OU DESIGNAÇÃO SEQUENCIAL
Datas de publicação e/ou designação sequencial 2003
650 #4 - ASSUNTO--TERMO TÓPICO
Cabeçalho tópico ou nome geográfico  Direito civil
942 ## - ELEMENTOS DE ENTRADA ADICIONADOS (KOHA)
Tipo de material Koha Livros
Holdings
Situação do descarte Situação das perdas Situação física Não pode ser emprestado Biblioteca de origem Biblioteca atual Data de aquisição Total de empréstimos Número de chamada completo Código de barras Data de último acesso Data do preço efetivo Tipo de material Koha
        Colégio Anchieta - Pituba Colégio Anchieta - Pituba 21/11/2023   343 G774o GRA ORD 14793/PIT 21/11/2023 21/11/2023 Livros